[Event "IECG TE.2001.S.00701 email"]
[Site "IECG email"]
[Date "2003.01.27"]
[Round "?"]
[White "Bordukalo, Roman"]
[Black "Fuernkranz, Johannes"]
[Result "0-1"]
[WhiteElo "825"]
[BlackElo "1855"]
[PlyCount "62"]
[EventDate "2003.01.27"]
[EventType "tourn (corr)"]
[EventRounds "8"]
[SourceTitle "Corr 2008"]
[Source "ChessBase"]
[SourceDate "2008.06.24"]
[SourceVersion "1"]
[SourceVersionDate "2008.06.24"]
[SourceQuality "1"]

1. e4 e5 2. f4 exf4 3. Nf3 g5 4. Bc4 g4 5. 0-0 gxf3 6. Qxf3 Qf6 7. e5 Qxe5 8. d3 Bh6 9. Nc3 Ne7 10. Bd2 Nbc6 11. Rae1 Qf5 12. Nd5 Kd8 13. Qe2 Qe6 14. Qf3 Qg6 15. Bxf4 Bxf4 16. Qxf4 Nxd5 17. Bxd5 f6 18. Bxc6 dxc6 19. Qd4+ Bd7 20. Rxf6 Qg7 21. Qh4 Kc8 22. Ref1 b6 23. Rf7 Qe5 24. Re1 Qd6 25. Ree7 Be6 26. Rxh7 Rxh7 27. Qxh7 Kb7 28. Qg7 Rg8 29. Qf6 Rxg2+ 30. Kf1 Rg6 31. Qxg6 Bh3+ 0-1

[Event "IECG TE.2002.P.01109 email"]
[Site "IECG email"]
[Date "2002.12.30"]
[Round "?"]
[White "Bordukalo, Roman"]
[Black "Tong Soen, Kwik"]
[Result "1/2-1/2"]
[WhiteElo "825"]
[BlackElo "1400"]
[PlyCount "40"]
[EventDate "2002.12.30"]
[EventType "tourn (corr)"]
[EventRounds "12"]
[SourceTitle "Corr 2008"]
[Source "ChessBase"]
[SourceDate "2008.06.24"]
[SourceVersion "1"]
[SourceVersionDate "2008.06.24"]
[SourceQuality "1"]

1. d4 Nf6 2. c4 c5 3. d5 e6 4. Nc3 exd5 5. cxd5 d6 6. Nf3 g6 7. Nd2 Bg7 8. Nc4 0-0 9. Bf4 Ne8 10. Qd2 a6 11. a4 f5 12. e3 Qc7 13. Bd3 Nd7 14. 0-0 a5 15. Nb6 Nxb6 16. Ra2 c4 17. Be2 Nf6 18. h3 h6 19. Rc1 g5 20. Bh2 Bd7 1/2-1/2

[Event "IECG CP.P.00009 email"]
[Site "IECG email"]
[Date "2001.10.01"]
[Round "?"]
[White "Bendig, Frank"]
[Black "Bordukalo, Roman"]
[Result "1-0"]
[WhiteElo "2092"]
[BlackElo "880"]
[PlyCount "85"]
[EventDate "2001.10.01"]
[EventType "tourn (corr)"]
[EventRounds "6"]
[SourceTitle "Corr 2008"]
[Source "ChessBase"]
[SourceDate "2008.06.24"]
[SourceVersion "1"]
[SourceVersionDate "2008.06.24"]
[SourceQuality "1"]

1. Nf3 g6 2. c4 Nf6 3. b4 Bg7 4. Bb2 0-0 5. e3 d6 6. d3 a5 7. b5 Bg4 8. h3 Bxf3 9. Qxf3 c6 10. Be2 Qc7 11. Nc3 Nbd7 12. 0-0 e5 13. Rab1 Rfc8 14. Rfd1 Nc5 15. Qg3 Ne6 16. Bf3 Qd7 17. Na4 Qc7 18. Ba1 Re8 19. bxc6 bxc6 20. Rb6 Nd8 21. Rb3 Nd7 22. d4 e4 23. Be2 Ne6 24. c5 Bf8 25. Bc4 d5 26. Qxc7 Nxc7 27. Rb7 Rec8 28. Be2 Rab8 29. Rdb1 Kg7 30. Bc3 Ra8 31. f3 exf3 32. Bxf3 f5 33. Nb6 Nxb6 34. R1xb6 Be7 35. Rxc6 Bd8 36. Bxd5 Kh6 37. Rcxc7 Bxc7 38. Rxc7 Rxc7 39. Bxa8 Kg5 40. c6 a4 41. Bb7 Kf6 42. d5+ Kf7 43. d6 1-0

[Event "IECG CN.2001.0.00258"]
[Site "IECG email"]
[Date "2001.08.20"]
[Round "?"]
[White "Bordukalo, Roman"]
[Black "Van Erps, Gert"]
[Result "0-1"]
[WhiteElo "889"]
[BlackElo "745"]
[PlyCount "70"]
[EventDate "2001.08.20"]
[EventType "tourn (corr)"]
[EventRounds "6"]
[SourceTitle "Corr 2008"]
[Source "ChessBase"]
[SourceDate "2008.06.24"]
[SourceVersion "1"]
[SourceVersionDate "2008.06.24"]
[SourceQuality "1"]

1. e4 e5 2. f4 exf4 3. Nf3 g5 4. Bc4 g4 5. 0-0 gxf3 6. Qxf3 Qf6 7. e5 Qxe5 8. d3 Bh6 9. Nc3 Ne7 10. Bd2 Nbc6 11. Rae1 Qf5 12. Nd5 Kd8 13. Qe2 Qe6 14. Qf3 Qf5 15. Bxf4 Bxf4 16. Nxf4 Nd4 17. Qe3 Qc5 18. c3 Nf3+ 19. Rxf3 Qxe3+ 20. Rfxe3 d5 21. Bb3 Nf5 22. Re5 c6 23. Bd1 f6 24. R5e2 Bd7 25. g4 Nh4 26. Re7 Ng6 27. Rf7 Nxf4 28. Rxf6 Nxd3 29. Re2 Nxb2 30. Bc2 Nc4 31. Rf3 Ne5 32. Rf4 Bxg4 33. Bxh7 Ke7 34. Bc2 Rag8 35. Kf2 Rxh2+ 0-1

[Event "IECG CN.2001.0.00258"]
[Site "IECG email"]
[Date "2001.08.20"]
[Round "?"]
[White "Topot, Iwan"]
[Black "Bordukalo, Roman"]
[Result "1-0"]
[WhiteElo "800"]
[BlackElo "889"]
[PlyCount "53"]
[EventDate "2001.08.20"]
[EventType "tourn (corr)"]
[EventRounds "6"]
[SourceTitle "Corr 2008"]
[Source "ChessBase"]
[SourceDate "2008.06.24"]
[SourceVersion "1"]
[SourceVersionDate "2008.06.24"]
[SourceQuality "1"]

1. e4 d6 2. d4 Nf6 3. Nc3 g6 4. f4 Bg7 5. Nf3 0-0 6. Bd3 Nc6 7. e5 Nd5 8. Nxd5 dxe5 9. Nc3 exd4 10. Ne4 f5 11. Neg5 e5 12. Bc4+ Kh8 13. Nf7+ Rxf7 14. Bxf7 Qe7 15. Bb3 e4 16. Ng1 b6 17. Ne2 Bb7 18. h4 e3 19. h5 g5 20. 0-0 gxf4 21. Nxf4 Qh4 22. Qe1 Qg4 23. c3 Ne5 24. cxd4 Nf3+ 25. Rxf3 Rd8 26. d5 Re8 27. Bxe3 1-0

[Event "IECG TE.2001.P.00703 email"]
[Site "IECG email"]
[Date "2001.05.20"]
[Round "?"]
[White "Bordukalo, Roman"]
[Black "Cijs, Peter JG"]
[Result "0-1"]
[WhiteElo "800"]
[BlackElo "1986"]
[PlyCount "46"]
[EventDate "2001.05.20"]
[EventType "tourn (corr)"]
[EventRounds "8"]
[SourceTitle "Corr 2008"]
[Source "ChessBase"]
[SourceDate "2008.06.24"]
[SourceVersion "1"]
[SourceVersionDate "2008.06.24"]
[SourceQuality "1"]

1. e4 e5 2. f4 exf4 3. Nf3 g5 4. Bc4 g4 5. 0-0 gxf3 6. Qxf3 Qf6 7. e5 Qxe5 8. d3 Bh6 9. Nc3 Ne7 10. Bd2 Nbc6 11. Rae1 Qf5 12. Nd5 Kd8 13. Qe2 Qe6 14. Qf3 Qd6 15. Qe2 f3 16. Qxf3 Bxd2 17. Qxf7 Ng6 18. Re4 Qf8 19. Qxf8+ Nxf8 20. Nf6 Ng6 21. Bg8 Nge7 22. Bxh7 d5 23. Re2 Bg5 0-1

[Event "IECG TE.2001.P.00707 email"]
[Site "IECG email"]
[Date "2001.05.20"]
[Round "?"]
[White "Bordukalo, Roman"]
[Black "Zwaneveld, Ansel"]
[Result "0-1"]
[WhiteElo "800"]
[BlackElo "2000"]
[PlyCount "66"]
[EventDate "2001.05.20"]
[EventType "tourn (corr)"]
[EventRounds "12"]
[SourceTitle "Corr 2008"]
[Source "ChessBase"]
[SourceDate "2008.06.24"]
[SourceVersion "1"]
[SourceVersionDate "2008.06.24"]
[SourceQuality "1"]

1. e4 e5 2. f4 exf4 3. Nf3 g5 4. Bc4 g4 5. 0-0 gxf3 6. Qxf3 Qf6 7. e5 Qxe5 8. d3 Bh6 9. Nc3 c6 10. Bd2 Ne7 11. Bxf4 Qxf4 12. Qxf4 Bxf4 13. Rxf4 0-0 14. Re1 Ng6 15. Bxf7+ Kg7 16. Bxg6 Rxf4 17. Bh5 d5 18. Re8 Bd7 19. Re7+ Kh6 20. Bf3 Kg6 21. Ne2 Rf6 22. Nd4 c5 23. Nb3 b6 24. Bxd5 Bc6 25. Bg8 Nd7 26. Bxh7+ Kh6 27. d4 Raf8 28. Bd3 R8f7 29. Re3 Kg7 30. Rg3+ Kf8 31. Bc4 Rg7 32. Rxg7 Kxg7 33. d5 Ne5 0-1

[Event "IECG TE.2001.P.00707 email"]
[Site "IECG email"]
[Date "2001.05.20"]
[Round "?"]
[White "Lheureux, Joseph"]
[Black "Bordukalo, Roman"]
[Result "1-0"]
[WhiteElo "1505"]
[BlackElo "800"]
[PlyCount "85"]
[EventDate "2001.05.20"]
[EventType "tourn (corr)"]
[EventRounds "12"]
[SourceTitle "Corr 2008"]
[Source "ChessBase"]
[SourceDate "2008.06.24"]
[SourceVersion "1"]
[SourceVersionDate "2008.06.24"]
[SourceQuality "1"]

1. e4 e5 2. f4 exf4 3. Nf3 g5 4. Bc4 g4 5. 0-0 gxf3 6. Qxf3 Qf6 7. d3 Bh6 8. Nc3 Ne7 9. Bxf4 Bxf4 10. Qxf4 Qxf4 11. Rxf4 Nbc6 12. Raf1 Ne5 13. Bxf7+ Nxf7 14. Rxf7 c6 15. e5 Ng6 16. Ne4 Nxe5 17. Nd6+ Kd8 18. Rf8+ Rxf8 19. Rxf8+ Kc7 20. Ne8+ Kb6 21. Nd6 Kc7 22. Nf5 b6 23. d4 Ng6 24. Rf7 Ba6 25. Rxh7 Rf8 26. g4 Bc4 27. Ne3 Bxa2 28. h4 Rh8 29. Rxh8 Nxh8 30. Kf2 Bg8 31. h5 Kd6 32. Kf3 Nf7 33. Kf4 Ke6 34. g5 Nh8 35. g6 Kf6 36. Ng4+ Ke6 37. Kg5 Nf7+ 38. gxf7 Kxf7 39. Nh6+ Kg7 40. Nxg8 Kxg8 41. Kf6 a5 42. Ke7 d5 43. Kd6 1-0

[Event "IECG CN.2001.0.00244"]
[Site "IECG email"]
[Date "2001.04.23"]
[Round "?"]
[White "Bordukalo, Roman"]
[Black "Rossetti, Mario"]
[Result "0-1"]
[WhiteElo "800"]
[BlackElo "987"]
[PlyCount "100"]
[EventDate "2001.04.23"]
[EventType "tourn (corr)"]
[EventRounds "6"]
[SourceTitle "Corr 2008"]
[Source "ChessBase"]
[SourceDate "2008.06.24"]
[SourceVersion "1"]
[SourceVersionDate "2008.06.24"]
[SourceQuality "1"]

1. e4 c5 2. Nf3 d6 3. Bb5+ Bd7 4. Bxd7+ Nxd7 5. 0-0 Ngf6 6. Qe2 e6 7. b3 Be7 8. Bb2 0-0 9. c4 Qb6 10. d4 cxd4 11. Bxd4 Qa5 12. Rd1 Rfd8 13. Bb2 Rac8 14. Na3 d5 15. exd5 Re8 16. d6 Bd8 17. Ne5 Bb6 18. Nxd7 Nxd7 19. Nb5 Red8 20. a3 Rf8 21. Qg4 g6 22. Qf3 Rc6 23. b4 Qa4 24. Qc3 e5 25. Qd3 a6 26. Nc7 Bxc7 27. dxc7 Rxc7 28. c5 Qc6 29. Qe3 f6 30. Rd6 Qa4 31. Qd3 Rf7 32. Rd1 Kg7 33. c6 bxc6 34. Bc1 Nf8 35. Bb2 a5 36. f4 exf4 37. Bxf6+ Kg8 38. Qc4 h6 39. Qxf4 c5 40. Rd8 cxb4 41. R1d6 g5 42. Qf5 Rc1+ 43. Kf2 Qc2+ 44. Qxc2 Rxc2+ 45. Kg3 bxa3 46. Ra6 a2 47. Ba1 Rc1 48. Bb2 Rb1 49. Bc3 Rb3 50. Rxa5 Rxc3+ 0-1

[Event "IECG CN.2001.0.00235"]
[Site "IECG email"]
[Date "2001.02.11"]
[Round "?"]
[White "Woodfin, David"]
[Black "Bordukalo, Roman"]
[Result "0-1"]
[WhiteElo "800"]
[BlackElo "800"]
[PlyCount "50"]
[EventDate "2001.02.11"]
[EventType "tourn (corr)"]
[EventRounds "6"]
[SourceTitle "Corr 2008"]
[Source "ChessBase"]
[SourceDate "2008.06.24"]
[SourceVersion "1"]
[SourceVersionDate "2008.06.24"]
[SourceQuality "1"]

1. e4 d6 2. d4 Nf6 3. Nc3 g6 4. Bg5 Bg7 5. Bxf6 Bxf6 6. f4 Nd7 7. Qe2 Bxd4 8. Qc4 Bg7 9. Nf3 Nf6 10. Ng5 0-0 11. 0-0-0 c6 12. e5 Ng4 13. Rd2 Qb6 14. Nd1 dxe5 15. h3 Ne3 16. Nxe3 Qxe3 17. Qe4 Qc5 18. Kb1 Bf5 19. b4 Qb6 20. Qc4 h6 21. Nf3 e4 22. Nh4 Be6 23. Qxe4 Bd5 24. Qxe7 Rfe8 25. Qc5 Re1+ 0-1

[Event "IECG QN.2001.0.00170"]
[Site "IECG email"]
[Date "2001.??.??"]
[Round "?"]
[White "Elliston, Robert V"]
[Black "Bordukalo, Roman"]
[Result "0-1"]
[WhiteElo "800"]
[BlackElo "800"]
[PlyCount "52"]
[EventDate "2001.03.13"]
[EventType "tourn (corr)"]
[EventRounds "6"]
[SourceTitle "Corr 2008"]
[Source "ChessBase"]
[SourceDate "2008.06.24"]
[SourceVersion "1"]
[SourceVersionDate "2008.06.24"]
[SourceQuality "1"]

1. Nh3 Nf6 2. Nc3 d5 3. d4 g6 4. b3 Bg7 5. e4 dxe4 6. Bb5+ Bd7 7. a4 0-0 8. Bc4 c5 9. Ng5 e6 10. 0-0 cxd4 11. Qxd4 Nd5 12. Bxd5 Bxd4 13. Bb2 exd5 14. h4 h6 15. Rad1 Be5 16. Rxd5 Bc7 17. Ncxe4 f5 18. Nd6 hxg5 19. Rd3 gxh4 20. Re1 Qg5 21. Rh3 Bxd6 22. Rhe3 f4 23. Re4 Bc6 24. f3 Bxe4 25. Rxe4 h3 26. g4 fxg3 0-1

[Event "IECG CN.2000.0.00228"]
[Site "IECG email"]
[Date "2000.12.28"]
[Round "?"]
[White "Bordukalo, Roman"]
[Black "Tavakoli, Fariba"]
[Result "0-1"]
[WhiteElo "800"]
[BlackElo "800"]
[PlyCount "62"]
[EventDate "2000.12.28"]
[EventType "tourn (corr)"]
[EventRounds "6"]
[SourceTitle "Corr 2008"]
[Source "ChessBase"]
[SourceDate "2008.06.24"]
[SourceVersion "1"]
[SourceVersionDate "2008.06.24"]
[SourceQuality "1"]

1. d4 Nf6 2. c4 e6 3. Nf3 b6 4. g3 Bb7 5. Bg2 Be7 6. 0-0 0-0 7. Nc3 Ne4 8. Qc2 Nxc3 9. Qxc3 f5 10. b3 c5 11. Bb2 Bf6 12. Qd2 d6 13. Rad1 Nd7 14. Ne1 Bxg2 15. Nxg2 Qe7 16. Qc2 cxd4 17. Bxd4 Rac8 18. Bxf6 Nxf6 19. Qd2 d5 20. cxd5 Nxd5 21. Rc1 Rcd8 22. Nh4 e5 23. Nf3 f4 24. Qb2 e4 25. Nd4 Qe5 26. Qd2 e3 27. Qd3 exf2+ 28. Rxf2 fxg3 29. hxg3 Ne3 30. Rxf8+ Rxf8 31. Kh2 Rf2+ 0-1